• 首页
  • 本馆介绍
  • 公告通知
  • 最新文献
  • 馆藏检索
  • 电子资源
  • 读者导购
  • 参考咨询
  • 我的图书馆
  • 登录
  • 详细信息显示
  • 放入我的书架
  • 预约/预借图书
  • 作者相关作品
  • 分类相关作品
  • 丛书相关作品
  • 出版社相关作品

书目信息

  • 表格格式
  • 工作单格式
  • 卡片格式
题名:
中国古代军事
    
 
作者: 徐潜 主编 ;李忠丽 , 郗秋丽 编著
分册:  
出版信息: 长春   吉林文史出版社  2014
页数: 188页
开本: 24cm
丛书名: 军事与经济
单 册:
中图分类: E291-49 , E291
科图分类:
主题词: 军事史--jun shi shi--中国--古代--通俗读物
电子资源:
ISBN: 978-7-5472-1501-2
000 00893nam 2200277 450
001 2340237068
005 20231109115438.27
010    @a978-7-5472-1501-2@dCNY33.80
100    @a20140304d2014 em y0chiy50 ea
101 0  @achi
102    @aCN@b220000
105    @aa z 000yy
200 1  @a中国古代军事@Azhong guo gu dai jun shi@f徐潜主编@g李忠丽, 郗秋丽编著
210    @a长春@c吉林文史出版社@d2014
215    @a188页@c图@d24cm
225 2  @a军事与经济@Ajun shi yu jing ji
330    @a本书共分为五部分, 主要内容包括: 古代兵器、古代军制、古代阵法、古代战役、中国古代名将。
410  0 @12001 @a军事与经济
606 0  @a军事史@Ajun shi shi@y中国@z古代@j通俗读物
690    @aE291-49@v5
690    @aE291@v4
701  0 @a徐潜@Axu qian@4主编
702  0 @a李忠丽@Ali zhong li@4编著
702  0 @a郗秋丽@Axi qiu li@4编著
801  0 @aCN@b山东中教@c20230926
905    @aBZT@dE291@e11
    
    中国古代军事/徐潜主编/李忠丽, 郗秋丽编著.-长春:吉林文史出版社,2014
    188页:图;24cm.-(军事与经济)
    
    
    ISBN 978-7-5472-1501-2:CNY33.80
    本书共分为五部分, 主要内容包括: 古代兵器、古代军制、古代阵法、古代战役、中国古代名将。
●
相关链接 在五车中查询图书 在当当中查询图书 在豆瓣中查询图书


正题名:中国古代军事     索取号:E291/11         预约/预借

序号 登录号 条形码 馆藏地/架位号 状态 备注
1 2000962769   2000962769   315书库/四5架A面2层3列/ [索取号:E291/11] 在馆    
2 2000962770   2000962770   315书库/四5架A面2层3列/ [索取号:E291/11] 在馆    
3 2000962771   2000962771   315书库/四5架A面2层3列/ [索取号:E291/11] 在馆    
4 2000962772   2000962772   315书库/四5架A面2层3列/ [索取号:E291/11] 在馆    
5 2000962773   2000962773   315书库/四5架A面2层3列/ [索取号:E291/11] 在馆    
6 2000962774   2000962774   315书库/四5架A面2层3列/ [索取号:E291/11] 在馆    
山东省滨州职业学院图书馆 欢迎您!
大连网信软件有限公司© 版权所有